[Event "2. AUT Bundesliga 2020-21"]
[Site "Graz"]
[Date "2021.04.11"]
[Round "5.3"]
[White "Frank, Emanuel"]
[Black "Enoeckl, Philipp"]
[Result "1/2-1/2"]
[WhiteElo "2242"]
[BlackElo "2290"]
[Annotator "TA"]
[PlyCount "59"]
[EventDate "2021.01.17"]
[EventType "team-tourn"]
[EventCountry "AUT"]
[SourceTitle "playchess.com"]
[Source "ChessBase"]
[SourceQuality "1"]

{[%evp 17,59,77,75,67,73,31,82,23,58,44,67,47,38,0,17,3,33,0,0,0,8,-31,8,8,52,36,10,0,104,80,110,110,71,17,10,0,0,-218,-202,-746,-616,-739,-738,-923]} 1. d4 g6 2. c4 Bg7 3. e4 d6 4. Ne2 e5 5. Nbc3 Nc6 6. d5 Nd4 7. Be3 Nxe2 8. Bxe2 f5 9. exf5 gxf5 10. Bh5+ {A42: Modern Defence: Averbakh Variation.} Kf8 11. O-O Nf6 (11... f4 $14) 12. Be2 (12. Bg5 $16) 12... a6 13. f4 e4 14. Bd4 h5 15. h3 Qe7 16. Qd2 Bd7 17. Nd1 {[#]} a5 $146 ({Predecessor:} 17... h4 18. Ne3 Nh5 19. Bxg7+ Qxg7 20. Bxh5 Rxh5 21. Rac1 b6 22. b4 Rb8 23. Rc2 Ba4 {0-1 (37) Kholin,A (2405)-Matinian,N (2470) Chess.com INT 2021}) 18. Ne3 b6 19. b3 {[%cal Bb2b3,Bb3b4,Bb4c5][%mdl 32]} Qf7 20. a3 Qg6 21. b4 $1 Qg3 22. c5 bxc5 (22... Ng4 $11 23. hxg4 hxg4) 23. bxc5 $16 Ng4 24. hxg4 hxg4 {[#]} 25. Bxg7+ ({White should try} 25. Bb5 $1 $16 Bxd4 (25... Qh2+ 26. Kf2) 26. Qxd4 Qh2+ 27. Kf2 Qh4+ 28. g3 Qh2+ 29. Ng2 Bxb5 30. Qf6+ Ke8 31. Qe6+ Kf8 32. Qxf5+ {[%mdl 64] Double Attack} Kg8 33. Qxg4+ Kf8 34. Rh1 e3+ {[%mdl 64] Decoy} 35. Kxe3 Re8+ 36. Kf2 Re2+ 37. Qxe2 Bxe2 38. Rxh2 Rxh2 39. g4) 25... Kxg7 $11 26. Bxg4 fxg4 27. Qc3+ $2 (27. c6 $11 {and White has nothing to worry.} Rh5 28. cxd7) 27... Kf7 28. Qe1 $2 (28. c6 Rh5 29. Rfe1 (29. cxd7 $2 Rah8 $19)) 28... Qh2+ $19 29. Kf2 {If only White now had time for Rb1....} Bb5 {[%csl Gh2][%cal Rg4g3] [#]} 30. Qc3 {[%mdl 32768] Weighted Error Value: White=0.60/Black=0.25. An unexpected result.} 1/2-1/2

[Event "2. AUT Bundesliga 2020-21"]
[Site "Graz"]
[Date "2021.04.11"]
[Round "5.3"]
[White "Wiesinger, Robert"]
[Black "Heindl, Matthias"]
[Result "0-1"]
[WhiteElo "2239"]
[BlackElo "2200"]
[Annotator "TA"]
[PlyCount "70"]
[EventDate "2021.01.17"]
[EventType "team-tourn"]
[EventCountry "AUT"]
[SourceTitle "playchess.com"]
[Source "ChessBase"]
[SourceQuality "1"]

{[%evp 20,70,56,57,75,62,119,47,124,78,96,58,57,34,126,65,272,262,293,293,289,289,262,51,54,52,46,7,48,11,19,17,16,15,51,-53,-51,-53,-51,-49,-49,-49,0,0,0,0,31,0,34,8,20,-645,-648]} 1. e4 c5 2. Nf3 g6 3. d4 cxd4 4. Nxd4 Bg7 5. c4 Nc6 6. Be3 Nf6 7. Nc3 O-O 8. Be2 d6 9. f3 Bd7 10. Qd2 Nxd4 11. Bxd4 a5 {B38: Sicilian: Maroczy Bind with 5...Bg7 and 7...0-0.} 12. h4 Bc6 {[#]} (12... h5 $14) 13. h5 $146 (13. g4 $16) ({Predecessor:} 13. O-O-O a4 14. a3 Qa5 15. g4 Rfc8 16. Kb1 e5 17. Be3 h5 18. Rdg1 Rab8 19. Bg5 hxg4 {1-0 (38) Berdayes Ason,D (2458)-Vidarte Morales,A (2355) Barcelona 2019}) 13... a4 (13... e5 $14 14. Be3 Nxh5) 14. hxg6 fxg6 15. g4 Qa5 16. O-O-O Rac8 ({Black should try} 16... Rf7 $14) 17. Kb1 (17. a3 $16) 17... Qb4 $2 {[#]} ({Better is} 17... a3 $14) 18. a3 $1 $18 {[%cal Ra3b4]} Qa5 19. c5 e5 20. Be3 dxc5 21. g5 $2 (21. Bc4+ $18 Kh8 22. Rxh7+ Nxh7 23. Rh1) 21... Nh5 $14 22. Qd6 Kh8 23. Bxc5 Rfd8 (23... Rcd8 $5 {[%cal Rd8d6]} 24. Bb4 Rxd6 25. Bxa5 Rxd1+ 26. Rxd1 Ng3 $14) 24. Qe7 Re8 {[#]} 25. Bb4 Rxe7 26. Bxa5 Rf7 27. Nd5 (27. Nb5 $14 Ra8 28. Be1) 27... Ng3 $1 $15 {[%csl LRe2,LRh1][%mdl 64] Double Attack} 28. Rhe1 Nxe2 29. Rxe2 Rxf3 30. Ne7 Re8 (30... Bb5 {is more complex.} 31. Rh2 Re8 32. Nxg6+ Kg8 33. Nh4 Rf4) 31. Nxc6 bxc6 32. Rd7 Rb8 33. Bc7 {[%mdl 1024] White has compensation.} Rbf8 34. Bd6 R3f7 35. Rf2 $2 {[%mdl 8192]} Rxf2 {Quite a comeback for Black.  Weighted Error Value: White=0.65/Black=0.40} 0-1

[Event "2. AUT Bundesliga 2020-21"]
[Site "Graz"]
[Date "2021.04.11"]
[Round "5.3"]
[White "Hafner, Robert"]
[Black "Raber, Florian"]
[Result "1/2-1/2"]
[WhiteElo "2006"]
[BlackElo "2128"]
[Annotator "TA"]
[PlyCount "60"]
[EventDate "2021.01.17"]
[EventType "team-tourn"]
[EventCountry "AUT"]
[SourceTitle "playchess.com"]
[Source "ChessBase"]
[SourceQuality "1"]

{[%evp 16,60,0,0,0,0,0,0,0,-11,0,0,1,0,0,0,3,0,0,0,0,0,5,4,0,0,0,0,17,14,20,-29,9,0,24,0,0,-11,0,-16,9,0,0,-16,0,-16,-16]} 1. d4 d5 2. e3 c6 3. Nf3 Bf5 4. Be2 Nf6 5. O-O h6 6. b3 e6 7. Bb2 Be7 8. Nbd2 Nbd7 9. c4 O-O {A12: English Opening: 1...c6 with b3 by White.} 10. Rc1 a5 11. a3 Bh7 12. Re1 {[#]} Ne4 $146 ({Predecessor:} 12... Bd6 13. Ne5 Qe7 14. c5 Bc7 15. f4 Nxe5 16. dxe5 Nd7 17. b4 f6 18. exf6 gxf6 {0-1 (36) Heimrath,R (2189)-Lipok,C (2134) Regensburg 2011}) 13. Nxe4 Bxe4 14. Nd2 Bh7 15. Bf1 Nf6 16. g3 Bd6 17. Qe2 Qe7 18. Ra1 Ne4 19. Nxe4 Bxe4 20. Bg2 Bxg2 21. Kxg2 f5 22. c5 Bc7 23. f4 g5 24. Bc3 Qg7 25. Kh1 h5 {The position is equal.} 26. h4 g4 27. b4 Qd7 28. Reb1 axb4 29. axb4 b6 30. Ra2 Rfb8 {A rather calm draw.  Weighted Error Value: White=0.06/Black=0.08} 1/2-1/2

[Event "2. AUT Bundesliga 2020-21"]
[Site "Graz"]
[Date "2021.04.11"]
[Round "5.3"]
[White "Ring, Rudolf"]
[Black "Tusha, John"]
[Result "1/2-1/2"]
[WhiteElo "1737"]
[BlackElo "1783"]
[Annotator "NA RC"]
[PlyCount "80"]
[EventDate "2021.01.17"]
[EventType "team-tourn"]
[EventCountry "AUT"]
[SourceTitle "playchess.com"]
[Source "ChessBase"]
[SourceQuality "1"]
[TimeControl "40/5400+30:1800+30"]

1. e4 e5 2. Nf3 Nf6 3. Nc3 Nc6 4. Bc4 Nxe4 5. Bxf7+ Kxf7 6. Nxe4 d5 7. Neg5+ Kg8 8. d3 h6 9. Nh3 Bg4 10. Qd2 Bxf3 11. gxf3 Nd4 12. Ng1 Qf6 13. Qd1 Qg6 14. Kf1 Nf5 15. Ne2 Qh5 16. Ng1 Nh4 17. h3 Bd6 18. Bd2 Rf8 19. f4 Qxd1+ 20. Rxd1 exf4 21. f3 Nf5 22. Kg2 Nh4+ 23. Kf1 Re8 24. c3 Nf5 25. Kf2 g5 26. Ne2 Rxe2+ 27. Kxe2 Ng3+ 28. Kf2 Nxh1+ 29. Rxh1 Rh7 30. h4 Rg7 31. hxg5 hxg5 32. b3 Kf7 33. Rh6 Rg6 34. Rh7+ Ke6 35. a4 g4 36. fxg4 Rxg4 37. Rh3 Kf5 38. Rh5+ Rg5 39. Rxg5+ Kxg5 40. Kf3 c6 1/2-1/2

[Event "2. AUT Bundesliga 2020-21"]
[Site "Graz"]
[Date "2021.04.11"]
[Round "5.4"]
[White "Guetz, Wolfgang"]
[Black "Tadic, Branko"]
[Result "*"]
[WhiteElo "2061"]
[BlackElo "2487"]
[Annotator "RC"]
[PlyCount "47"]
[EventDate "2021.01.17"]
[EventType "team-tourn"]
[EventCountry "AUT"]
[SourceTitle "playchess.com"]
[Source "ChessBase"]
[SourceQuality "1"]
[TimeControl "40/5400+30:1800+30"]

1. e4 {[%emt 0:00:00]} d6 {[%emt 0:00:00]} 2. d4 {[%emt 0:00:00]} Nf6 {[%emt 0:00:00]} 3. Nc3 {[%emt 0:00:00]} e5 {[%emt 0:00:22]} 4. dxe5 {[%emt 0:01:09]} dxe5 {[%emt 0:00:06]} 5. Qxd8+ {[%emt 0:00:05]} Kxd8 {[%emt 0:00:04]} 6. Nf3 {[%emt 0:01:12]} Bd6 {[%emt 0:00:13]} 7. Bg5 {[%emt 0:01:19]} Nbd7 {[%emt 0:00:21]} 8. O-O-O {[%emt 0:01:38]} Ke8 {[%emt 0:15:04]} 9. Bc4 {[%emt 0:08:33]} a6 {[%emt 0:00:32]} 10. a4 {[%emt 0:10:17]} h6 {[%emt 0:00:57]} 11. Bh4 {[%emt 0:05:33]} Kf8 {[%emt 0:00:12]} 12. Rhe1 {[%emt 0:08:59]} g6 {[%emt 0:00:38]} 13. Rd2 {[%emt 0:16:03]} Kg7 {[%emt 0:01:09]} 14. Red1 {[%emt 0:02:19]} Re8 {[%emt 0:01:05]} 15. Rxd6 {[%emt 0:16:24]} cxd6 {[%emt 0:00:57]} 16. Rxd6 {[%emt 0:00:05]} Rb8 {[%emt 0:11:48]} 17. Bd5 {[%emt 0:07:21]} Nh7 {[%emt 0:06:16]} 18. Bg3 {[%emt 0:01:24]} f6 {[%emt 0:00:40]} 19. b4 {[%emt 0:02:18]} Ndf8 {[%emt 0:12:14]} 20. Rb6 {[%emt 0:02:35]} Ng5 {[%emt 0:12:00]} 21. Nxg5 {[%emt 0:03:24]} hxg5 {[%emt 0:00:01]} 22. f3 {[%emt 0:00:34]} Ne6 {[%emt 0:00:59]} 23. b5 {[%emt 0:02:15]} a5 {[%emt 0:02:36]} 24. Bf2 {[%emt 0:01:12]} *

[Event "2. AUT Bundesliga 2020-21"]
[Site "Graz"]
[Date "2021.04.11"]
[Round "5.5"]
[White "Milanovic, Danilo"]
[Black "Kobas, Mihael"]
[Result "1-0"]
[WhiteElo "2466"]
[BlackElo "2030"]
[Annotator "TA"]
[PlyCount "37"]
[EventDate "2021.01.17"]
[EventType "team-tourn"]
[EventCountry "AUT"]
[SourceTitle "playchess.com"]
[Source "ChessBase"]
[SourceQuality "1"]

{[%evp 22,37,34,31,50,18,33,25,29,25,34,18,178,180,171,184,176,180]} 1. Nf3 Nf6 2. c4 e6 3. g3 d5 4. Bg2 Be7 5. O-O O-O 6. b3 b6 7. Bb2 Bb7 8. e3 c5 9. Nc3 Nc6 10. cxd5 exd5 11. d4 Rc8 {11...Rc8 scores better than 11...Re8.} 12. Rc1 h6 {[#] A14: English Opening: 1...e6 with b3 by White.} 13. a3 $146 ({Predecessor:} 13. Qd3 Nb4 14. Qb1 Ba6 15. Rfd1 c4 16. Ne5 cxb3 17. axb3 Qd6 18. Qa1 Qe6 19. Qa4 Bb7 20. Ne2 {0-1 (57) Peter,S (1819)-Guski,D (2102) Stuttgart 2010}) 13... Re8 14. dxc5 bxc5 {White has an edge.} 15. Na4 Ne4 16. Nd2 Na5 $2 (16... Nxd2 $11 {and Black is okay.} 17. Qxd2 Na5) 17. Nxe4 $18 {White is clearly better.} dxe4 18. Qg4 {[%csl Gb2][%cal Rg4g7][%mdl 64] Double Attack} Bf8 {[#]} 19. Nxc5 $1 {[%mdl 512] White took control after the opening.  Weighted Error Value: White=0.04/Black=0.44} 1-0

[Event "2. AUT Bundesliga 2020-21"]
[Site "Graz"]
[Date "2021.04.11"]
[Round "5.6"]
[White "Hiebler, Laura"]
[Black "Borhy, Marcell"]
[Result "0-1"]
[WhiteElo "2025"]
[BlackElo "2392"]
[Annotator "TA"]
[PlyCount "44"]
[EventDate "2021.01.17"]
[EventType "team-tourn"]
[EventCountry "AUT"]
[SourceTitle "playchess.com"]
[Source "ChessBase"]
[SourceQuality "1"]

{[%evp 15,44,-6,-14,-22,-24,-29,-16,-25,0,0,0,-7,0,-47,-43,-77,-77,-85,-71,-192,-84,-98,-84,-223,-194,-203,-83,-852,-869,-29990,-1068]} 1. c4 e5 2. g3 f5 3. Bg2 Nf6 4. Nc3 Bb4 5. Nf3 Bxc3 6. bxc3 d6 7. O-O O-O 8. d3 Nc6 9. Bg5 {A21: English Opening: 1...e5 2 Nc3.} h6 10. Bxf6 Qxf6 11. Nd2 {[#] The position is equal.} Nd8 $146 ({Predecessor:} 11... Ne7 12. Qa4 c6 13. Rab1 Kh8 14. Qa3 Rd8 15. f4 exf4 16. Rxf4 Ng6 17. Rf2 Ne5 {½-½ (50) Laznicka,V (2648)-Bluebaum,M (2644) Moscow 2019}) 12. Qb3 Ne6 13. Rab1 ({Of course not} 13. Bxb7 Rb8 $17) 13... a5 14. c5 ({Don't play} 14. Bxb7 Rb8 $17) 14... dxc5 15. Bxb7 Rb8 16. Qd5 Rd8 {aiming for ...Bxb7.} 17. Qc6 (17. Qh1 $17) 17... Bxb7 (17... Rxb7 $19 {is more deadly.} 18. Rxb7 Nd4 $1 {[%mdl 576] Double Attack, Discovered Attack} 19. Qxc7 Nxe2+ {[%mdl 64] Double Attack, Discovered Attack} 20. Kg2 Bxb7+ 21. Qxb7 e4) 18. Rxb7 $17 {[#]} Nd4 $1 $36 {[%mdl 2048] Black is on the roll.} 19. Qxc7 (19. Qxf6 $17 Nxe2+ 20. Kh1 gxf6 21. Rxc7) 19... Nxe2+ 20. Kg2 Rbc8 (20... Rxb7 $1 $19 {and Black stays clearly on top.} 21. Qxb7 e4) 21. Qxa5 {[%mdl 8192]} (21. Qe7 $17) 21... Qc6+ $19 {[%mdl 64] Double Attack} 22. Nf3 Qxb7 {Weighted Error Value: White=1.27/Black=0.24} (22... Rxd3 $142 23. h4 {[#]} Nf4+ $1 {[%mdl 512]} 24. Kh2 Qxf3 25. Rxg7+ Kxg7 26. Qa7+ Kh8 27. Qb7 Qxb7 28. Rg1 Qf3 $1 29. a3 Rd2 $1 30. gxf4 Rxf2+ 31. Rg2 Qxg2#) 0-1

[Event "2. AUT Bundesliga 2020-21"]
[Site "Graz"]
[Date "2021.04.11"]
[Round "5.7"]
[White "Eder, Matthias"]
[Black "Csonka, Attila Istvan"]
[Result "*"]
[WhiteElo "2170"]
[BlackElo "2362"]
[Annotator "TA"]
[PlyCount "51"]
[EventDate "2021.01.17"]
[EventType "team-tourn"]
[EventCountry "AUT"]
[SourceTitle "playchess.com"]
[Source "ChessBase"]
[SourceQuality "1"]

{[%evp 18,51,9,0,24,0,60,58,54,61,88,69,78,74,76,58,102,94,87,49,91,60,55,55,112,101,187,66,56,56,120,100,211,234,293,186]} 1. e4 c5 2. c3 Nf6 3. e5 Nd5 4. Nf3 e6 5. d4 cxd4 6. cxd4 d6 7. Bc4 Nc6 8. O-O Be7 9. Qe2 O-O 10. Qe4 {10.Rd1 gains popularity.} a6 {[#] B22: Sicilian: 2 c3.} 11. Bb3 $146 ({Predecessor:} 11. Re1 Ndb4 12. exd6 Qxd6 13. Bf4 Qd8 14. Nc3 b5 15. Bf1 f5 16. Qe2 g5 17. Be3 f4 18. Bc1 Nxd4 19. Nxd4 Qxd4 {1-0 (43) Pavasovic,D (2568)-Kozul,Z (2588) Bled 2002}) 11... Rb8 ({Black should try} 11... dxe5 $11 12. dxe5 Qb6) 12. Nc3 $14 Nxc3 {White is slightly better.} 13. bxc3 dxe5 14. dxe5 $40 {[%mdl 128] Black needs to defend precisely.} ({Don't play} 14. Nxe5 $6 Nxe5 15. Qxe5 Bd6 $11) 14... Qc7 15. Bc2 {[%csl Gc2][%cal Re4h7]} g6 16. Bh6 Rd8 17. Rae1 Rd5 18. Re3 Bd7 19. Rfe1 Be8 20. Qf4 $1 Rbd8 (20... Na5 $14) 21. Bg5 $16 Bxg5 (21... Rc5 $16 {was necessary.}) 22. Qxg5 ({White has to play} 22. Nxg5 $18 Rxe5 23. Nf3 (23. Rxe5 Nxe5 24. Qxe5 Qxe5 $18)) 22... Qe7 $14 23. Qf4 Kg7 {[#]} ({Better is} 23... Na5 $14) 24. h4 $1 $16 b5 {[#]} (24... Rb5 $16) 25. h5 $1 $18 b4 26. Nh2 {Weighted Error Value: White=0.10/Black=0.39} *

[Event "2. AUT Bundesliga 2020-21"]
[Site "Graz"]
[Date "2021.04.11"]
[Round "5.8"]
[White "Kiss, Attila"]
[Black "Kristoferitsch, Daniel"]
[Result "*"]
[WhiteElo "2312"]
[BlackElo "2166"]
[Annotator "RC"]
[PlyCount "41"]
[EventDate "2021.01.17"]
[EventType "team-tourn"]
[EventCountry "AUT"]
[SourceTitle "playchess.com"]
[Source "ChessBase"]
[SourceQuality "1"]
[TimeControl "40/5400+30:1800+30"]

1. e4 {[%emt 0:00:00]} c5 {[%emt 0:00:00]} 2. Nf3 {[%emt 0:00:06]} e6 {[%emt 0:00:00]} 3. d4 {[%emt 0:00:28]} cxd4 {[%emt 0:00:00]} 4. Nxd4 {[%emt 0:00:14]} Nf6 {[%emt 0:00:03]} 5. Nc3 {[%emt 0:00:25]} Nc6 {[%emt 0:00:05]} 6. Ndb5 {[%emt 0:00:42]} Bc5 {[%emt 0:00:11]} 7. Nd6+ {[%emt 0:03:20]} Ke7 {[%emt 0:00:07]} 8. Nxc8+ {[%emt 0:00:27]} Rxc8 {[%emt 0:00:11]} 9. Bd3 {[%emt 0:03:06]} Re8 {[%emt 0:03:10]} 10. O-O {[%emt 0:00:56]} a6 {[%emt 0:07:53]} 11. Qe1 {[%emt 0:23:39]} d6 {[%emt 0:03:11]} 12. Be3 {[%emt 0:00:38]} Bxe3 {[%emt 0:19:03]} 13. Qxe3 {[%emt 0:00:28]} Kf8 {[%emt 0:00:40]} 14. Rad1 {[%emt 0:02:38]} Qc7 {[%emt 0:00:58]} 15. Rd2 {[%emt 0:03:59]} h6 {[%emt 0:16:36]} 16. Rfd1 {[%emt 0:04:49]} Rcd8 {[%emt 0:01:22]} 17. Be2 {[%emt 0:02:43]} Re7 {[%emt 0:15:33]} 18. h3 {[%emt 0:13:23]} d5 {[%emt 0:05:35]} 19. exd5 {[%emt 0:11:48]} exd5 {[%emt 0:00:08]} 20. Qg3 {[%emt 0:04:35]} Qb6 21. Bf3 {[%emt 0:02:24]} *

[Event "2. AUT Bundesliga 2020-21"]
[Site "Graz"]
[Date "2021.04.11"]
[Round "5.9"]
[White "Teuschler, Barbara"]
[Black "Marakovits, Nico"]
[Result "*"]
[WhiteElo "2109"]
[BlackElo "2214"]
[Annotator "RC"]
[PlyCount "61"]
[EventDate "2021.01.17"]
[EventType "team-tourn"]
[EventCountry "AUT"]
[SourceTitle "playchess.com"]
[Source "ChessBase"]
[SourceQuality "1"]
[TimeControl "40/5400+30:1800+30"]

1. e4 {[%emt 0:00:00]} c5 {[%emt 0:00:00]} 2. Nf3 {[%emt 0:00:00]} e6 {[%emt 0:00:00]} 3. d4 {[%emt 0:00:00]} cxd4 {[%emt 0:00:00]} 4. Nxd4 {[%emt 0:00:00]} Nc6 {[%emt 0:00:10]} 5. Nc3 {[%emt 0:00:00]} Nf6 {[%emt 0:00:07]} 6. Ndb5 {[%emt 0:01:45]} Bb4 {[%emt 0:00:18]} 7. a3 {[%emt 0:00:10]} Bxc3+ {[%emt 0:00:10]} 8. Nxc3 {[%emt 0:00:05]} d5 {[%emt 0:00:04]} 9. exd5 {[%emt 0:01:09]} exd5 {[%emt 0:00:28]} 10. Bd3 {[%emt 0:00:52]} O-O {[%emt 0:01:28]} 11. O-O {[%emt 0:00:15]} d4 {[%emt 0:00:10]} 12. Ne2 {[%emt 0:01:55]} Bg4 {[%emt 0:01:55]} 13. Bg5 {[%emt 0:04:34]} Re8 {[%emt 0:05:39]} 14. Re1 {[%emt 0:00:33]} Qd6 {[%emt 0:09:01]} 15. Qd2 {[%emt 0:05:03]} Bxe2 {[%emt 0:09:56]} 16. Rxe2 {[%emt 0:11:51]} Rxe2 {[%emt 0:00:31]} 17. Qxe2 {[%emt 0:00:10]} Re8 {[%emt 0:00:37]} 18. Qd2 {[%emt 0:00:55]} Ng4 {[%emt 0:19:06]} 19. Bf4 {[%emt 0:01:42]} Qe6 {[%emt 0:01:32]} 20. h3 {[%emt 0:22:44]} Nge5 {[%emt 0:02:16]} 21. Bxe5 {[%emt 0:04:34]} Qxe5 {[%emt 0:02:27]} 22. Rd1 {[%emt 0:03:35]} g6 {[%emt 0:05:01]} 23. Bf1 {[%emt 0:06:27]} Kg7 {[%emt 0:03:12]} 24. g3 {[%emt 0:00:23]} Rd8 {[%emt 0:04:19]} 25. Re1 {[%emt 0:00:46]} Qf5 {[%emt 0:05:21]} 26. Qd3 {[%emt 0:04:10]} Qxd3 {[%emt 0:01:40]} 27. Bxd3 {[%emt 0:00:05]} Kf6 {[%emt 0:00:38]} 28. f4 {[%emt 0:05:40]} h5 {[%emt 0:03:18]} 29. Kf2 {[%emt 0:01:36]} b6 {[%emt 0:03:39]} 30. g4 {[%emt 0:01:47]} hxg4 {[%emt 0:01:00]} 31. hxg4 {[%emt 0:00:03]} *

[Event "2. AUT Bundesliga 2020-21"]
[Site "Graz"]
[Date "2021.04.11"]
[Round "5.10"]
[White "Stradner, Stefan"]
[Black "Toller, Maximilian"]
[Result "*"]
[WhiteElo "2124"]
[BlackElo "2014"]
[Annotator "RC"]
[PlyCount "41"]
[EventDate "2021.01.17"]
[EventType "team-tourn"]
[EventCountry "AUT"]
[SourceTitle "playchess.com"]
[Source "ChessBase"]
[SourceQuality "1"]
[TimeControl "40/5400+30:1800+30"]

1. d4 {[%emt 0:00:00]} d5 {[%emt 0:00:00]} 2. Nf3 {[%emt 0:00:08]} Nf6 {[%emt 0:00:00]} 3. e3 {[%emt 0:00:43]} Bf5 {[%emt 0:00:00]} 4. c4 {[%emt 0:03:58]} dxc4 {[%emt 0:00:05]} 5. Bxc4 {[%emt 0:00:11]} e6 {[%emt 0:00:03]} 6. O-O {[%emt 0:02:33]} Bd6 {[%emt 0:00:04]} 7. Nc3 {[%emt 0:00:29]} O-O {[%emt 0:00:06]} 8. Qe2 {[%emt 0:00:40]} Ne4 {[%emt 0:00:07]} 9. Rd1 {[%emt 0:14:41]} Nd7 {[%emt 0:08:18]} 10. Nxe4 {[%emt 0:03:15]} Bxe4 {[%emt 0:00:12]} 11. Bd3 {[%emt 0:00:12]} Bxd3 {[%emt 0:17:17]} 12. Rxd3 {[%emt 0:06:22]} c5 {[%emt 0:10:32]} 13. b3 {[%emt 0:00:55]} Qe7 {[%emt 0:01:21]} 14. Bb2 {[%emt 0:00:58]} Rfd8 {[%emt 0:00:42]} 15. Rad1 {[%emt 0:01:12]} Nb6 {[%emt 0:09:46]} 16. e4 {[%emt 0:18:51]} cxd4 {[%emt 0:07:26]} 17. Nxd4 {[%emt 0:00:52]} Bc5 {[%emt 0:01:00]} 18. Qg4 {[%emt 0:06:06]} g6 {[%emt 0:02:40]} 19. Qe2 {[%emt 0:17:36]} Rac8 {[%emt 0:06:46]} 20. Qd2 {[%emt 0:01:17]} Qf8 {[%emt 0:11:28]} 21. Qa5 {[%emt 0:07:18]} *

[Event "2. AUT Bundesliga 2020-21"]
[Site "Graz"]
[Date "2021.04.11"]
[Round "5.11"]
[White "Wendl, Philipp"]
[Black "Toelly, Michael"]
[Result "0-1"]
[WhiteElo "1942"]
[BlackElo "2094"]
[Annotator "TA"]
[PlyCount "48"]
[EventDate "2021.01.17"]
[EventType "team-tourn"]
[EventCountry "AUT"]
[SourceTitle "playchess.com"]
[Source "ChessBase"]
[SourceQuality "1"]

{[%evp 19,48,37,29,-65,4,0,85,-88,-64,-75,-70,-144,-68,-163,-152,-262,-261,-239,-235,-239,-155,-762,-759,-1101,-1087,-1282,-1268,-1231,-1225,-1087,-763]} 1. e4 c5 2. Nf3 e6 3. d4 cxd4 4. Nxd4 Nc6 5. Nc3 Qc7 6. Be2 a6 7. O-O Nf6 8. Be3 Bb4 9. Na4 Rb8 10. Nxc6 bxc6 11. Qd4 {B49: Sicilian: Taimanov: 5 Nc3 Qc7 6 Be3 a6 7 Be2.} (11. c4 $11) 11... d5 {[#]} ({Black should try} 11... Bd6 $1 $15 12. Rad1 Bxh2+ 13. Kh1 Be5) 12. exd5 $146 ({Predecessor:} 12. Nb6 Bd6 13. exd5 cxd5 14. f4 Bb7 15. Qa4+ Ke7 16. Qa5 Qxc2 17. Bxa6 Bxa6 18. Qxa6 Bc5 19. Qa7+ Kd6 20. Bf2 Rxb6 21. Rac1 Bxf2+ 22. Kh1 Rc6 23. Qa3+ Bc5 24. b4 Qe2 {0-1 (24) Blandon,L (2308)-Gallego,J (1906) Bogota 2017}) 12... Bd6 (12... cxd5 $11 13. Nb6 Bd6) 13. dxc6 $2 (13. dxe6 $1 $16 {Strongly threatening Rad1.} Rb4 14. exf7+ Ke7 15. Bc4 $1) 13... Rb4 $17 14. c4 {Hoping for b3.} Rxa4 ({Reject} 14... Bxh2+ 15. Kh1 $11) 15. Rfd1 {[#]} (15. b3 $15 Bxh2+ 16. Kh1) 15... Bxh2+ (15... Nd5 $1 $17 {[%mdl 512]} 16. g3 (16. Qxg7 $2 Bxh2+ 17. Kh1 Be5 $19) (16. Bd2 Bxh2+) 16... Be5 $1) 16. Kh1 (16. Kf1 $1 $15) 16... O-O {...Be5 is the strong threat.} 17. g3 {[#]} (17. b3 $17 Be5 {[%mdl 64] Skewer} 18. Qb6 Qxb6 19. Bxb6 Bxa1 20. bxa4) 17... Bxg3 $1 $19 18. fxg3 Qxc6+ 19. Kh2 e5 20. Qxe5 {This costs White the game.} (20. Qb6 $17 Rxc4 21. Qxc6 Rxc6 22. Rac1 Rxc1 23. Rxc1) 20... Bb7 {[%csl Gb7][%cal Rc6g2] Black is clearly winning.} 21. Rg1 Rxc4 22. g4 Re8 23. Qg3 Rc2 24. Rae1 Qe4 {Weighted Error Value: White=1.55/Black=0.22} 0-1

[Event "2. AUT Bundesliga 2020-21"]
[Site "Graz"]
[Date "2021.04.11"]
[Round "5.12"]
[White "Leitgeb, Julian"]
[Black "Pretterhofer, Kiaras"]
[Result "1/2-1/2"]
[WhiteElo "1752"]
[BlackElo "1979"]
[Annotator "TA"]
[PlyCount "78"]
[EventDate "2021.01.17"]
[EventType "team-tourn"]
[EventCountry "AUT"]
[SourceTitle "playchess.com"]
[Source "ChessBase"]
[SourceQuality "1"]

{[%evp 24,78,23,23,22,25,13,13,39,41,137,132,136,134,133,140,131,131,138,133,138,153,258,252,309,206,199,205,208,199,260,255,280,281,286,272,274,272,205,162,147,110,97,102,101,88,101,109,124,67,67,18,68,18,18,9,27]} 1. e4 c5 2. Nf3 Nc6 3. d4 cxd4 4. Nxd4 Nf6 5. Nc3 e5 6. Ndb5 d6 7. Bg5 a6 8. Na3 b5 9. Nd5 Be7 10. Bxf6 Bxf6 11. c4 b4 12. Nc2 Rb8 13. b3 O-O {B33: Sicilian: Pelikan and Sveshnikov Variations.} 14. g3 Be6 15. Bg2 a5 16. Nxf6+ {[#]} gxf6 $146 (16... Qxf6 $14 17. Qxd6 Rbc8) ({Predecessor:} 16... Qxf6 17. Qxd6 Rbc8 18. Qd2 Rfd8 19. Qe2 Qh6 20. Ne3 Nd4 21. Qd1 Qg5 22. O-O Qe7 {1-0 (34) Kudr,R (1972)-Carroll,P (2042) LSS email 2013}) 17. O-O $16 Ne7 18. Ne3 f5 19. exf5 Nxf5 20. Nxf5 Bxf5 21. Qd2 Be6 22. Rad1 Rb6 (22... a4 $16 {was worth a try.} 23. Be4 (23. Qxd6 Qxd6 24. Rxd6 Rfd8 $16) 23... f5) 23. c5 $18 Rb8 24. Qxd6 Qxd6 25. Rxd6 Rfc8 26. Rc1 a4 {[#]} (26... Rc7 $142 27. Ra6 Rb5) 27. Bd5 $1 ({Not} 27. bxa4 Bxa2 28. Bd5 Bxd5 $16) 27... Bxd5 28. Rxd5 axb3 29. axb3 {[%mdl 4096] Endgame KRR-KRR} f6 30. c6 Rc7 31. Rd6 Kf7 32. Rd7+ Rxd7 33. cxd7 $16 {[#] Black must now prevent Rc8. KR-KR} Rd8 34. Rc4 Rxd7 35. Rxb4 h5 36. Kg2 (36. Rb8 $16) 36... Rd2 $14 37. h4 Rb2 38. Rb7+ Kg6 39. Rb6 e4 {Weighted Error Value: White=0.15/Black=0.23} 1/2-1/2